header

Wavefront and emerging refractive technologies (Record no. 220044)

MARC details
000 -LEADER
fixed length control field 01543nam a2200325 a 4500
245 10 - TITLE STATEMENT
Title Wavefront and emerging refractive technologies
260 ## - PUBLICATION, DISTRIBUTION, ETC. (IMPRINT)
Place of publication The Hague, The Netherlands :
Name of publisher Kugler Publications,
Year of publication 2003.
300 ## - PHYSICAL DESCRIPTION
Number of Pages xi, 198 p.
650 #0 - SUBJECT ADDED ENTRY--TOPICAL TERM
Topical Term Ophthalmology
Topical Term LASIK (Eye surgery)
Topical Term Optics, Adaptive
700 1# - ADDED ENTRY--PERSONAL NAME
Personal name Koury, Jill B.
856 40 - ELECTRONIC LOCATION AND ACCESS
Uniform Resource Identifier http://site.ebrary.com/lib/rucke/Doc?id=10505612

No items available.

© 2026 Rongo University
Contact us: librarian | system librarian | Rongo university